| 000 | 01530cam a22004094i 4500 | ||
|---|---|---|---|
| 003 | PE-LiUPU | ||
| 005 | 20250731184058.0 | ||
| 008 | 150623s r 000 0 d | ||
| 020 | _a0192132431 | ||
| 035 | _a(Sirsi) i9780192132437 | ||
| 040 |
_aPE-LiUPU _bspa _cPE-LiUPU _erda |
||
| 049 | _aPRUA | ||
| 082 | 0 | 4 |
_a892.411 09 _bP66 _221 |
| 100 | 1 |
_aGillingham, S. E., ed., _eautor. |
|
| 245 | 1 | 4 |
_aThe poems and psalms of the Hebrew Bible / _cS.E. Gillingham. |
| 264 | 1 |
_aNew York, NY : _bOxford University Press, _c1994. |
|
| 300 |
_a310 páginas ; _c20 centímetros |
||
| 336 |
_atext _2rdacontent |
||
| 337 |
_aunmediated _2rdamedia |
||
| 338 |
_avolume _2rdacarrier |
||
| 490 | 0 | _aOxford Bible Series | |
| 504 | _aIncluye bibliografía. | ||
| 505 | 0 | _aIdentifying Hebrew poetry. -Poetry outside the psalter. -The poetry of the psalms. | |
| 526 | _aP145 | ||
| 526 | _aP127 | ||
| 526 | _aP97 | ||
| 526 | _aP14 | ||
| 526 | _aP07 | ||
| 630 |
_aBiblia. _pA.T. _pSalmos _xCrítica, interpretación, etc. |
||
| 650 | 0 | 4 |
_aPoesía hebrea en la Biblia _xHistoria y crítica. |
| 942 |
_2ddc _cBOOK |
||
| 949 |
_a892.411 09 P66 _wDEWEY _c1 _i47259 _lCCODEBUL1 _mBUL _r0 _sY _tBOOK _u2015-6-24 _xTEOLOGIA _PP35 _0COMPRA _o.STAFF. Colección General |
||
| 994 |
_aC0 _bPEPRU |
||
| 596 | _a1 | ||
| 999 |
_a892.411 09 P66 _wDEWEY _c23802 _i47259 _d23802 _e2019-9-20 _f2021-11-11 _g5 _lCCODEBUL1 _mBUL _n1 _q2 _r0 _sY _tBOOK _u2015-6-24 _xTEOLOGIA _PP35 _0COMPRA _o.STAFF. Colección General |
||
| 980 |
_81 _gALBERTO SANCHEZ Responsable de Automatización |
||